Столицы Африки - Statistics

General Stats
  • This quiz has been taken 71 times
  • The average score is 38 of 54
Answer Stats
Страна % Correct
Тунис
94%
Египет
94%
Нигер
88%
Алжир
88%
Ливия
88%
Зимбабве
82%
Мавритания
82%
Нигерия
82%
Сан-Томе и Принсипи
82%
Ангола
82%
Сомали
82%
Кения
82%
Мадагаскар
82%
Сейшельские острова
82%
Гвинея
82%
Конго
82%
Гвинея-Бисау
82%
Эфиопия
82%
Того
76%
Бенин
76%
Гана
76%
Марокко
76%
Либерия
76%
ЦАР
76%
Судан
76%
Джибути
76%
Намибия
76%
Сенегал
76%
ЮАР
76%
Камерун
71%
Замбия
71%
Уганда
71%
Эритрея
65%
Руанда
65%
ДР Конго
65%
Буркина-Фасо
65%
Южный Судан
65%
Танзания
65%
Мозамбик
65%
Габон
65%
Маврикий
65%
Ботсвана
59%
Сьерра-Леоне
59%
Коморские острова
59%
Чад
59%
Лесото
59%
Мали
59%
Кот-д'Ивуар
53%
Малави
53%
Гамбия
53%
Бурунди
47%
Эсватини
41%
Кабо-Верде
41%
Экваториальная Гвинея
35%
No matching quizzes found
Score Distribution
Percent of People with Each Score
Percentile by Number Answered
Your Score History
You have not taken this quiz